Conciencia moral y acción comunicativa

Gespeichert in:
Bibliographische Detailangaben
1. Verfasser: Habermas, Jürgen (VerfasserIn)
Format: Buch
Sprache:Spanisch
Veröffentlicht: Barcelona Península 1994
Ausgabe:3a. ed
Schriftenreihe:Colección Homo Sociologicus, 34
Schlagworte:
Tags: Tag hinzufügen
Keine Tags, Fügen Sie den ersten Tag hinzu!

MARC

LEADER 00000nam a2200000 a 4500
001 UCU9126
003 CL-VaPUC
008 960809e19940000SP |||||||||||||||||spa|d
082 0 4 |a 193  |b HAB  |2 21 
100 0 |a Habermas, Jürgen  |e author  |9 334312 
245 1 0 |a Conciencia moral y acción comunicativa 
250 |a 3a. ed 
300 |a 219 p 
942 |c BK 
945 |d 19960809 00:00:00  |a rbrito 
260 |a Barcelona  |b Península  |c 1994 
650 0 |a Filosofía alemana   |9 265002 
650 0 |a Ética  |9 255099 
650 0 |a Crítica e interpretación   |9 255042 
650 0 |a Discursos   |9 265028 
650 0 |a Conciencia moral  |9 314371 
650 0 |a Conceptos morales   |9 310606 
583 |a last modification  |c 19960809 00:00:00  |k Rodrigo Vera 
490 0 |a Colección Homo Sociologicus, 34 
999 |c 251007  |d 251005 
952 |0 0  |1 0  |4 0  |6 193_000000000000000_HAB_1994  |7 0  |8 DER_TF  |9 269894  |a BIBDER  |b BIBDER  |d 2019-11-19  |i 3218775  |o 193 HAB 1994  |p 3218775  |r 2023-01-25  |w 2019-11-19  |x Ubicación 4to Piso  |y BK  |z Estos recursos deben solicitarse con anticipación  |k DER 
952 |0 0  |1 2  |4 0  |6 193_000000000000000_HAB_1994  |7 0  |8 A  |9 269895  |a BIBTEO  |b BIBTEO  |d 2019-11-19  |i 3079627  |o 193 HAB 1994  |p 3079627  |r 2019-11-19  |w 2019-11-19  |y BK  |k ICR